Quel sport est ainsi illustré sur Wikipedia ? Lettres D E & F - Statistiques

Statistiques générales
  • Ce quiz a été pris 33 fois
    28 depuis la dernière actualisation
  • Le résultat moyen est 13 sur 27
Statistiques - réponses
Par images Hint Réponse % Correct
1 mot Football | Soccer
92%
1 mot Escrime
84%
2 mots Football américain
84%
1 mot Echecs
80%
1 mot Escalade
80%
1 mot Dames
76%
1 mot Deltaplane
76%
1 mot Equitation
76%
2 mots Formule 2
68%
2 mots Formule 4
68%
2 mots Formule 3
64%
1 ou 3 mots Futsal | Football en salle
64%
2 mots Formule 1
60%
1 ou 2 mots Esport | e-sport | sport électronique
40%
2 mots Football australien
36%
1 mot Décathlon
32%
1 ou 3 mots Dodgeball | Balle aux prisonniers
28%
1 mot Duathlon
28%
1 mot Fitness
24%
2 mots Football canadien
20%
2 mots Football gaélique
20%
2 mots Danse sportive
16%
1 mot Enduro
16%
2 mots Double Dutch
8%
2 mots Flag football
8%
1 mot Floorball
4%
1 mot Folkrace
4%
Aucun quiz correspondant
Distribution des résultats
% des personnes avec chaque résultat
Percentile par nombre de réponses
Votre historique - résultats
Vous n’avez pas pris ce quiz depuis la dernière actualisation